01236cam a2200277 450000100060000000300080000600500170001400800390003103500190007004000270008904100080011608200240012410000350014824501390018326000600032230000360038250000290041850000640044750400510051165000430056265100390060594200120064499900170065695201440067395201410081725933BD-RjUL20211209050940.0140219r19711829ii b b 001 0 eng a(BD-RjUL)26003 aDLCcDLCdBD-RjULbeng aeng00a954.4bTOA V-2 19711 aTod, James,d1782-1835.97967610aAnnals and antiquities of Rajastʾhan or the Central and Western Rajpoot States of India /bWith a pref. by Douglas Sladen.nVolume II aNew Delhi :bK.M.N. Publishers,c1829 [Reprinted 1971]. axxxii, 537 p. :bill. ;c22 cm. aFirst published 1829-32. aDistributor's statement from mounted label on verso of t.p. aIncludes bibliographical references and index. 0aRajput (Indic people)xHistory.979677 0aRajasthan (India)xHistory.979678 2ddccBK c25933d25933 00102ddc40728NFICaRUCLbRUCLcReadingd1973-09-14eK. P. Bagchi & Co.l0o954.4 TOA V-2 1971r2014-03-19 00:00:00tC-1w2014-03-19yBK 00102ddc40708NFICaRUCLbRUCLcStackd1973-09-14eK.P. Bagchi & Co.l0o954.4 TOA V-2 1971r2017-02-02 00:00:00tC-2w2017-02-02yBK